LEADER 01411nam a2200313 a 4500 001 000000128303 003 CaOOAMICUS 005 20120403100329.0 008 120403s2012 nyu u000 u eng r 020 $z9780415617796* 040 $aPUL$bita 082 04$a327 100 1 $aIon, Dora,$d1974-$0(OLS)http://pul/name/81981 245 10$aKant and international relations theory :$bcosmopolitan community building /$cDora Ion. 260 $aNew York ;$aLondon :$bRoutledge,$c©2012. 300 $ax, 172 p. ;$c24 cm 490 1 $aRoutledge innovations in political theory ;$v43 504 $aBibliografia in nota. 600 14$aKant, Immanuel,$d1724-1804$xPensiero politico e sociale.$0(OLS)http://pul/subject/22179 650 4$aGlobalizzazione.$0(OLS)http://pul/subject/38133 830 0$aRoutledge innovators in political theory ;$v43.$0(OLS)http://pul/title/162135 850 $aPUL 852 $aPUL$W1$xSL Diritto e Scienze Sociali 3$y79$m327 IONDO 1$j148533$qDDC 21$B147090$CPULBib$Z2$F147090 $H119359 $82 941 1 $a9 996 $6020$z9780415617796*$9(OLS)http://pul/number/149389 996 $6082$a327$9(OLS)http://pul/classification/379 996 $6245$aKant and international relations theory :$bcosmopolitan community building$9(OLS)http://pul/title/162134 996 $6260$aNew York ;$aLondon :$bRoutledge$9(OLS)http://pul/publisher/74387 LEADER 01907nam a2200325 u 4500 001 000000043096 003 CaOOAMICUS 005 20070226114411.0 008 990319s1999 gw u000 u ger u 020 $a3110163020 035 $a10817553 040 $aIPA$bita$dPUL(R) 100 1 $aKinzig, Wolfram.$0(OLS)http://pul/name/31580 245 10$aTauffragen und Bekenntnis :$bStudien zur sogenannten "Traditio apostolica", zu den "Interrogationes de fide" und zum "R{94}mischen Glaubensbekenntnis" /$cWolfram Kinzig, Christoph Markschies, Markus Vinzent. 260 $aBerlin :$bWalter de Gruyter,$c1999. 300 $aix, 484 p. ;$c24 cm 490 1 $aArbeiten zur Kirchengeschichte ;$vBd. 74 500 $aComprende indice. 504 $aBibliografia: p. 411-451. 505 0 $aWer schrieb die sogenannte Traditio Apostolica? neue Beobachtungen und Hypothesen zu einer kaum lösbaren Frage aus der altkirchlichen Literaturgeschichte / Christoph Markschies -- "... natum et passum etc." Zur Geschichte der Tauffragen in der lateinischen Kirche bis zu Luther / Wolfram Kinzig -- Die Entstehung des "Römischen Glaubensbekenntnisses" / Markus Vinzent. 700 1 $aVinzent, Markus.$0(OLS)http://pul/name/31581 700 1 $aMarkschies, Christoph.$0(OLS)http://pul/name/10098 830 0$aArbeiten zur Kirchengeschichte ;$vBd. 74.$0(OLS)http://pul/title/4204 850 $aPUL 852 $aPUL$W1$xSL Filosofia 1$y2$m115 L 74$j58110$nBK-PRI$b $qStampati$B58110$CPULBib$Z2$F58110 $H $81 941 1 $a8 961 $aINV: 87924 996 $6020$a3110163020$9(OLS)http://pul/number/53750 996 $6245$aTauffragen und Bekenntnis :$bStudien zur sogenannten "Traditio apostolica", zu den "Interrogationes de fide" und zum "R{94}mischen Glaubensbekenntnis"$9(OLS)http://pul/title/58130 996 $6260$aBerlin :$bWalter de Gruyter$9(OLS)http://pul/publisher/48231